Southville International School and Colleges
Your cart is empty.
  • Cart
  • Lists
    Public lists Eva Luna New books Lux_list list_1
    Your lists Log in to create your own lists
  • Log in to your account
  • Your cookies
  • Search history
Southville International School and Colleges
  • Advanced search
  • Recent comments
  • Most popular
  • Libraries

Log in to your account

Log in with GOOGLE


If you do not have an external account, but do have a local account, you can still log in:

  1. Home
  2. MARC view: Peru /
Normal view MARC view ISBD view

Peru / (Record no. 112475)

[ view plain ]
MARC details
000 -LEADER
fixed length control field 00664nam a2200205 a 4500
001 - CONTROL NUMBER
control field 4128
005 - DATE AND TIME OF LATEST TRANSACTION
control field 20140414131937.0
008 - FIXED-LENGTH DATA ELEMENTS--GENERAL INFORMATION
fixed length control field 090209s19uu xx 00 eng d
020 ## - INTERNATIONAL STANDARD BOOK NUMBER
International Standard Book Number 0-7368-2176-7
050 ## - LIBRARY OF CONGRESS CALL NUMBER
Classification number REF 985
Item number L33 2004
100 ## - MAIN ENTRY--PERSONAL NAME
Personal name Lassieur, Allison
245 ## - TITLE STATEMENT
Title Peru /
Statement of responsibility, etc by Allison Lassieur.
260 ## - PUBLICATION, DISTRIBUTION, ETC. (IMPRINT)
Place of publication, distribution, etc Mankato, Minnesota :
Name of publisher, distributor, etc Capstone Press,
Date of publication, distribution, etc c2004.
300 ## - PHYSICAL DESCRIPTION
Extent 64 p. : col., ill. cm.
440 ## - SERIES STATEMENT/ADDED ENTRY--TITLE
Title Countries and Cultures
500 ## - GENERAL NOTE
General note Includes bibliographical references and index.
520 ## - SUMMARY, ETC.
Summary, etc An introduction to the geography, history, economy, culture, and people of Peru.
650 ## - SUBJECT ADDED ENTRY--TOPICAL TERM
Topical term or geographic name as entry element Peru
General subdivision Juvenile literature.
Holdings
Withdrawn status Lost status Damaged status Use restrictions Home library Current library Shelving location Date acquired Source of acquisition Total Checkouts Full call number Barcode Date last seen Price effective from Koha item type
        Munich Library Munich Library Reference Section 02/09/2009     REF 985 L33 2004 M3776 04/14/2014 04/14/2014 Books

Peru /

APA

Lassieur A., . (2004). Peru. Mankato, Minnesota: Capstone Press.

Chicago

Lassieur Allison, . 2004. Peru. Mankato, Minnesota: Capstone Press.

Harvard

Lassieur A., . (2004). Peru. Mankato, Minnesota: Capstone Press.

MLA

Lassieur Allison, . Peru. Mankato, Minnesota: Capstone Press. 2004.

  • Place hold
  • Print
  • Cite
  • Add to your cart (remove)
  • Save record
    BIBTEX Dublin Core MARCXML MARC (non-Unicode/MARC-8) MARC (Unicode/UTF-8) MARC (Unicode/UTF-8, Standard) MODS (XML) RIS
  • More searches
    Search for this title in:
    Other Libraries (WorldCat) Other Databases (Google Scholar) Online Stores (Bookfinder.com) Open Library (openlibrary.org)

Exporting to Dublin Core...

SOUTHVILLE LIBRARY

Southville International School and Colleges Library

1281 Tropical Ave. Cor. Luxembourg St., BF Homes International, Las Pinas City

Tel. No. 8256374 / 252358 Loc. 117/146

Powered by Koha